[Event "HUN Team League Csongrad Region 2019–2"]
[Site "Csongrád County"]
[Date "2019.12.08"]
[Round "4.5"]
[White "Gyugyi, Peter"]
[Black "Tornyai, Jeno"]
[Result "1-0"]
[WhiteElo "1964"]
[BlackElo "1803"]
[PlyCount "82"]
[EventDate "2019.09.29"]
[WhiteTeam "Üllés"]
[BlackTeam "Maróczy V."]

1. e4 d5 2. exd5 Nf6 3. Nf3 Nxd5 4. d4 Bg4 5. h3 Bh5 6. g4 Bg6 7. Ne5 Nc6 8.
Nxg6 hxg6 9. c4 Nf6 10. d5 Ne5 11. Bg2 Qd6 12. Qa4+ Nfd7 13. Be4 e6 14. dxe6
Qxe6 15. Bd5 Nf3+ 16. Kd1 Qd6 17. Qb3 Nd4 18. Qxb7 Rb8 19. Qxa7 Rh7 20. Qxd4
Be7 21. Bf4 Qb4 22. Qc3 Qxb2 23. Qxb2 Rxb2 24. Nd2 Bf6 25. a4 Nc5 26. Rb1 Nxa4
27. Bc6+ Kf8 28. Bxa4 Rxb1+ 29. Nxb1 c5 30. Bd6+ Be7 31. Bxe7+ Kxe7 32. Nc3 g5
33. Ne4 Rh8 34. Bb5 Ra8 35. Ke2 Ra2+ 36. Kf3 Ra3+ 37. Kg2 f6 38. Nxc5 Kd6 39.
Ne4+ Ke5 40. Re1 Kf4 41. Ng3 f5 1-0

[Event "HUN Team League Csongrad Region 2019–2"]
[Site "Csongrád County"]
[Date "2019.12.08"]
[Round "4.5"]
[White "Szamko, Szabolcs"]
[Black "Papp, Zoltan"]
[Result "1-0"]
[WhiteElo "1564"]
[BlackElo "1835"]
[PlyCount "79"]
[EventDate "2019.09.29"]
[WhiteTeam "Maróczy V."]
[BlackTeam "Üllés"]

1. e4 d5 2. exd5 Qxd5 3. Qf3 Nf6 4. Nc3 Qa5 5. Bb5+ c6 6. Bc4 Bg4 7. Qf4 Nbd7
8. h3 Bh5 9. g4 Bg6 10. Nf3 e6 11. d3 O-O-O 12. Bd2 Qc7 13. Qxc7+ Kxc7 14. Bf4+
Bd6 15. Be3 b6 16. O-O-O Ne5 17. Nxe5 Bxe5 18. Ne2 Nd5 19. Bxd5 exd5 20. Nf4 d4
21. Nxg6 hxg6 22. Bd2 Rde8 23. c3 Re6 24. Rde1 Rhe8 25. Kd1 dxc3 26. Bxc3 Kd6
27. Re3 f5 28. Rhe1 Bf6 29. Bxf6 gxf6 30. gxf5 Rxe3 31. Rxe3 Rxe3 32. fxe3 g5
33. Ke2 Ke5 34. e4 c5 35. Ke3 a5 36. a4 Kd6 37. d4 c4 38. d5 Kc5 39. Kd2 b5 40.
axb5 1-0

[Event "HUN Team League Csongrad Region 2019–2"]
[Site "Csongrád County"]
[Date "2019.12.08"]
[Round "4.5"]
[White "Gera, Mihaly"]
[Black "Puskas, Mihaly"]
[Result "1-0"]
[WhiteElo "1793"]
[BlackElo "1416"]
[PlyCount "109"]
[EventDate "2019.09.29"]
[WhiteTeam "Üllés"]
[BlackTeam "Maróczy V."]

1. e4 e5 2. Nf3 Nc6 3. Bb5 a6 4. Bxc6 dxc6 5. d3 Bc5 6. h3 Qe7 7. Nbd2 Bd7 8.
Nc4 f6 9. a3 O-O-O 10. Be3 Bxe3 11. Nxe3 h5 12. Nh4 Qf7 13. Qf3 Ne7 14. Nc4 Ng6
15. Nxg6 Qxg6 16. O-O-O c5 17. Qe3 Qh6 18. Rhf1 Qxe3+ 19. Nxe3 c6 20. f4 exf4
21. Rxf4 Be6 22. b3 Rd7 23. Rdf1 Rd4 24. Nf5 Bxf5 25. Rxf5 b6 26. e5 fxe5 27.
Rxe5 Rd5 28. Rxd5 cxd5 29. Rf5 d4 30. Rg5 Rh7 31. b4 cxb4 32. axb4 Kc7 33. Rd5
Rh6 34. Rxd4 Rg6 35. g4 Rg5 36. Kd2 Kc6 37. c4 a5 38. Kc3 axb4+ 39. Kxb4 b5 40.
Rf4 bxc4 41. dxc4 g6 42. Kc3 Kc5 43. Kd3 hxg4 44. hxg4 Kb4 45. Ke3 Rc5 46. Rd4
g5 47. Rd5 Rxc4 48. Rd4 Kb5 49. Rxc4 Kxc4 50. Ke4 Kc5 51. Ke5 Kc6 52. Kf5 Kd7
53. Kxg5 Ke7 54. Kg6 Ke6 55. g5 1-0

[Event "HUN Team League Csongrad Region 2019–2"]
[Site "Csongrád County"]
[Date "2019.12.08"]
[Round "4.5"]
[White "Szamko, Hanna"]
[Black "Toth, Sandor Sr."]
[Result "0-1"]
[WhiteElo "1435"]
[BlackElo "1753"]
[PlyCount "126"]
[EventDate "2019.09.29"]
[WhiteTeam "Maróczy V."]
[BlackTeam "Üllés"]

1. e4 c5 2. Nf3 d6 3. Bc4 e6 4. c3 a6 5. d4 cxd4 6. Nxd4 Nf6 7. Bd3 Be7 8. O-O
O-O 9. h3 b5 10. Be3 Bb7 11. Nd2 Nbd7 12. b4 Rc8 13. Ne2 Ne5 14. Bc2 Qc7 15.
Qb1 Rfd8 16. Bd4 Nc6 17. Be3 e5 18. Bb3 d5 19. exd5 Nxd5 20. Bxd5 Rxd5 21. c4
bxc4 22. Nxc4 Rb5 23. Bb6 Rxb6 24. Nxb6 Qxb6 25. a3 Bf6 26. Ra2 Ne7 27. Rd1 Qc6
28. f3 Qb6+ 29. Kh1 Nd5 30. Rad2 Ne3 31. Rg1 Re8 32. Ng3 Nc4 33. Ra2 Bd5 34. a4
Rb8 35. b5 axb5 36. axb5 Qxb5 37. Qxb5 Rxb5 38. Re1 h6 39. Rae2 Bh4 40. Kh2 f5
41. Rd1 Bxg3+ 42. Kxg3 f4+ 43. Kf2 Ne3 44. Ra1 Kf7 45. g3 Kg6 46. gxf4 exf4 47.
Rg1+ Kf6 48. h4 Nf5 49. Rg4 g5 50. hxg5+ hxg5 51. Rg1 Nd4 52. Rd2 Nxf3 53. Rxd5
Rxd5 54. Kxf3 Kf5 55. Rb1 g4+ 56. Ke2 Ra5 57. Rb2 g3 58. Kf3 Ra3+ 59. Kg2 Kg4
60. Rb1 Ra2+ 61. Kg1 f3 62. Rf1 g2 63. Rd1 Kg3 0-1

[Event "HUN Team League Csongrad Region 2019–2"]
[Site "Csongrád County"]
[Date "2019.12.08"]
[Round "4.5"]
[White "Molnar, Jeno"]
[Black "Szamko, Balint"]
[Result "1-0"]
[WhiteElo "1592"]
[BlackElo "1101"]
[PlyCount "115"]
[EventDate "2019.09.29"]
[WhiteTeam "Üllés"]
[BlackTeam "Maróczy V."]

1. e4 e5 2. d4 Nc6 3. Nf3 d6 4. Nc3 Bg4 5. Be2 Bxf3 6. Bxf3 Nxd4 7. Be3 Nxf3+
8. Qxf3 Qd7 9. O-O O-O-O 10. a4 Nf6 11. h3 d5 12. Nxd5 Nxd5 13. exd5 Qxd5 14.
Qg4+ Qd7 15. Qe2 Be7 16. Bxa7 Bf6 17. Rfd1 Qe6 18. c3 Rxd1+ 19. Rxd1 Rd8 20.
Rxd8+ Bxd8 21. Qb5 Qc6 22. Qxc6 bxc6 23. Bc5 f5 24. f3 g5 25. g4 fxg4 26. hxg4
Kd7 27. a5 Kc8 28. Kf2 Kb8 29. b4 Bf6 30. c4 h6 31. Ke3 Kb7 32. Ke4 Ka6 33. Kf5
Bh8 34. Kg6 Kb7 35. Kxh6 Bf6 36. Kg6 Bd8 37. Kf5 Ka8 38. Kxe5 Kb7 39. Ke6 Kc8
40. Be7 Bxe7 41. Kxe7 Kb7 42. Kd7 Kb8 43. Kxc6 Kc8 44. Kd5 Kd7 45. b5 Kc8 46.
Ke5 Kb7 47. Kf5 c6 48. Kxg5 cxb5 49. cxb5 Ka7 50. Kf5 Kb7 51. g5 Kc7 52. g6 Kd7
53. g7 Kc7 54. g8=Q Kb7 55. Qf7+ Kc8 56. b6 Kd8 57. Ke6 Kc8 58. Qc7# 1-0

[Event "HUN Team League Csongrad Region 2019–2"]
[Site "Csongrád County"]
[Date "2019.12.08"]
[Round "4.5"]
[White "Korosi, Zsombor"]
[Black "Balogh, Mihaly"]
[Result "1-0"]
[WhiteElo "1177"]
[BlackElo "1503"]
[PlyCount "81"]
[EventDate "2019.09.29"]
[WhiteTeam "Maróczy V."]
[BlackTeam "Üllés"]

1. e4 e5 2. Bc4 Qf6 3. Nc3 Bc5 4. Nf3 c6 5. d3 h6 6. O-O Ne7 7. Qe2 d6 8. Be3
Bg4 9. Bxc5 Bxf3 10. Qxf3 Qxf3 11. gxf3 dxc5 12. Kh1 Nd7 13. Rg1 Ng6 14. Rg3 b5
15. Bb3 Nf6 16. Rag1 Nh5 17. Bxf7+ Kxf7 18. Rxg6 Rac8 19. Ne2 Rhg8 20. h4 a5
21. R6g4 Rce8 22. f4 g6 23. fxe5 Rxe5 24. Nf4 Nxf4 25. Rxf4+ Ke6 26. Rfg4 Kf7
27. R1g2 Re6 28. f4 h5 29. Rg5 c4 30. f5 Rf6 31. Kg1 cxd3 32. cxd3 c5 33. Kf2
a4 34. Ke2 Rd6 35. R2g3 Rf6 36. Kd2 Rd6 37. Kc3 Rf6 38. Rxg6 Rfxg6 39. Rxg6
Rxg6 40. fxg6+ Kxg6 41. d4 1-0